000
00311nam a22001337a 4500
008
170605b xxu||||| |||| 00| 0 eng d
020
_a
0941690504
041
_a
eng
080
_a
94(4)
100
_a
18
101
_a
SHH
245
_a
MYTH BECOMES HISTORY: PRE-CLASSICAL GREECE
_c
THOMAS,C.G
942
_2
udc
_c
BK
999
_c
15887
_d
15887